Library Banner

Nine keys to world-class business process outsourcing / (Record no. 113961)

MARC details
000 -LEADER
fixed length control field 00450nam a22001577a 4500
005 - DATE AND TIME OF LATEST TRANSACTION
control field 20190923095429.0
008 - FIXED-LENGTH DATA ELEMENTS--GENERAL INFORMATION
fixed length control field 190923b ||||| |||| 00| 0 eng d
020 ## - INTERNATIONAL STANDARD BOOK NUMBER
International Standard Book Number 9781472918482
040 ## - CATALOGING SOURCE
Transcribing agency PK-LaUMT
082 ## - DEWEY DECIMAL CLASSIFICATION NUMBER
Classification number 658.4058
Item number LAC-N
100 ## - MAIN ENTRY--PERSONAL NAME
Personal name Lacity, Mary
245 ## - TITLE STATEMENT
Title Nine keys to world-class business process outsourcing /
Statement of responsibility, etc by Mary Lacity and Leslie Willcocks
260 ## - PUBLICATION, DISTRIBUTION, ETC. (IMPRINT)
Place of publication, distribution, etc London :
Name of publisher, distributor, etc Bloomsbury,
Date of publication, distribution, etc 2015
300 ## - PHYSICAL DESCRIPTION
Extent 239 p.
942 ## - ADDED ENTRY ELEMENTS (KOHA)
Koha item type Books
Holdings
Withdrawn status Lost status Damaged status Home library Current library Date acquired Full call number Barcode Date last seen Price effective from Koha item type
      UMT Main Campus UMT Main Campus 2019-09-23 658.4058 LAC-N 131452 2019-09-23 2019-09-23 Books